000 00512nam a2200181Ia 4500
008 240729s9999 xx 000 0 und d
022 _a2795-5001
245 0 _aPortuguese Journal of Dermatology and Venereology
260 _aSpain
260 _bPermanyer
650 _a Dermatology | Medicine
650 _a Infectious and parasitic diseases
650 _a Internal medicine
650 _aMedicine
856 _uhttps://doaj.org/toc/ba4f3debfde54317b0dd8e52c7464f1e
942 _2ddc
942 _cDOAJEJ
999 _c68165
_d68165
945 _a1
_bMadushi Gamage
_c1
_dMadushi Gamage